Oscar Winning Best Male Actors - Statistics

General Stats
  • This quiz has been taken 137 times
    69 since last reset
  • The average score is 62 of 98
Answer Stats
Actors Initials Film Answer % Correct
LdC The Revenant Leonardo diCaprio
94%
RDN Raging Bull Robert de Niro
94%
RC Gladiator Russell Crowe
92%
TH Philadelphia Tom Hanks
92%
TH Forrest Gump Tom Hanks
92%
WS King Richard Will Smith
92%
AH The Silence of the Lambs Anthony Hopkins
90%
AH The Father Anthony Hopkins
90%
CM Oppenheimer Cillian Murphy
90%
DD-L My Left Foot Daniel Day-Lewis
90%
DD-L There Will Be Blood Daniel Day-Lewis
90%
DD-L Lincoln Daniel Day-Lewis
90%
AP Scent of a Woman Al Pacino
89%
JN One Flew Over the Cuckoo's Nest Jack Nicholson
89%
JN As Good as It Gets Jack Nicholson
89%
DW Training Day Denzel Washington
87%
BK Gandhi Ben Kingsley
85%
DH Kramer vs Kramer Dustin Hoffman
85%
DH Rain Man Dustin Hoffman
85%
JF Ray Jamie Foxx
85%
JP Joker Joaquin Phoenix
85%
MB On the Waterfront Marlon Brando
85%
MB The Godfather Marlon Brando
85%
PSH Capote Philip Seymour Hoffman
85%
CF The King's Speech Colin Firth
84%
KS American Beauty Kevin Spacey
84%
SP Mystic River Sean Penn
84%
SP Milk Sean Penn
84%
AB The Pianist Adrien Brody
82%
MM Dallas Buyers Club Matthew McConaughey
82%
MD Wall Street Michael Douglas
82%
RM Bohemian Rhapsody Rami Malek
81%
BF The Whale Brendan Fraser
79%
CH Ben-Hur Charlton Heston
79%
ER The Theory of Everything Eddie Redmayne
79%
NC Leaving Las Vagas Nicolas Cage
79%
CA Manchester by the Sea Casey Affleck
77%
GO Darkest Hour Gary Oldman
77%
FW The Last King of Scotland Forest Whitaker
76%
HB The African Queen Humphrey Bogart
74%
JW True Grit John Wayne
74%
PN The Color of Money Paul Newman
74%
GH The French Connection Gene Hackman
73%
GP To Kill a Mockingbird Gregory Peck
71%
HF On Golden Pond Henry Fonda
71%
AG The Bridge on the River Kwai Alec Guinness
69%
SP Lilies of the Field Sidney Poitier
68%
JB Crazy Heart Jeff Bridges
66%
YB The King and I Yul Brynner
66%
JS The Philadelphia Story James Stewart
65%
GCS Patton George C. Scott
63%
LO Hamlet Laurence Olivier
63%
FMA Amadeus F. Murray Abraham
58%
GR Shine Geoffrey Rush
58%
RH My Fair Lady Rex Harrison
58%
CG It Happened One Night Clark Gable
56%
GC Sergeant York Gary Cooper
56%
GC High Noon Gary Cooper
56%
JC Yankee Doodle Dandy James Cagney
56%
RD Tender Mercies Robert Duvall
56%
JD The Artist Jean Dujardin
55%
JI Reversal of Fortune Jeremy Irons
55%
WH Kiss of the Spider Woman William Hurt
55%
BL Elmer Gantry Burt Lancaster
52%
JV Coming Home Jon Voight
52%
JL Save the Tiger Jack Lemmon
50%
PF Network Peter Finch
50%
RD The Goodbye Girl Richard Dreyfuss
50%
RB Life is Beautiful Roberto Benigni
50%
RS In the Heat of the Night Rod Steiger
50%
LM Cat Ballou Lee Marvin
48%
EB Marty Ernest Borgnine
47%
WH Stalag 17 William Holden
47%
ST Captains Courageous Spencer Tracy
44%
ST Boys Town Spencer Tracy
44%
BC Going My Way Bing Crosby
42%
DN Separate Tables David Niven
42%
AC Harry and Tonto Art Carney
39%
MS Judgement at Nuremberg Maximilian Schell
39%
PS A Man for All Seasons Paul Scofield
39%
RM The Lost Weekend Ray Milland
35%
CR Charly Cliff Robertson
34%
FM Dr. Jekyll and Mr. Hyde Fredric March
34%
FM The Best Years of Our Lives Fredric March
34%
LB A Free Soul Lionel Barrymore
34%
CL The Private Life of Henry VIII Charles Laughton
32%
EJ The Last Command Emil Jannings
32%
EJ The Way of all Flesh Emil Jannings
32%
GA Disraeli George Arliss
29%
PM The Story of Louis Pasteur Paul Muni
29%
RC A Double Life Ronald Colman
29%
BC All the King's Men Broderick Crawford
27%
JF Cyrano de Bergerac Jose Ferrer
27%
WB The Champ Wallace Beery
27%
WB In Old Arizona Warner Baxter
27%
PL Watch on the Rhine Paul Lukas
26%
RD Goodbye, Mr. Chips Robert Donat
26%
VM The Informer Victor McLaglen
26%
No matching quizzes found
Score Distribution
Percent of People with Each Score
Percentile by Number Answered
Your Score History
You have not taken this quiz since the last reset